000 00519nam a22001937a 4500
001 00028703
005 20260406093036.0
008 260406b ag ||||| |||| 00| 0 spa d
020 _a8476400748
040 _aAR-CcCEOS
_bspa
_cAR-CcCEOS
041 _aspa
080 _a82(100)-09
090 _bALO t.2
100 1 _aAlonso, Martín
_91016
245 _aHistoria de la Literatura Mundial :
_bTomo II /
_cMartin Alonso
300 _a1320 p. ;
_c24x15 cm.
650 0 _ahistoria
_990
_vliteratura
942 _2udc
_cBK
_n0
999 _c28736
_d28736